00772nam a22002057a 4500003001100000005001700011008004100028020001800069040003900087041000800126082001700134100002700151245008000178260011800258300004900376650004700425650004000472700002300512700003100535LK-CoMWRAF20240212154721.0240122b2010 |||||||| |||| 00| 0 eng d a9789211270648 aLK-CoMWRAFdLK-CoMWRAFeLK-CoMWRAF aeng a305.484bORO aOrozco, Amaia Pérez  aCrossing borders II : bmigration and development from a gender perspective aSanto Domingo:bUnited Nations International Research and Training Institute for the Advancement of Women, c2010 a128 p. : ill. ; 28 cmbBibliography included aEconomic development- Developing countries aWomen immigrants- Social conditions aPaiewonsky, Denise aDomínguez, Mar García